Statistiques concernant Capitales des périphéries de la Grèce

Cliquez ici pour prendre le quiz!

Statistiques générales

  • Ce quiz a été pris 44 fois
  • Le résultat moyen est 5 sur 14

Statistiques - réponses

Type de quizNom% Correct
AttiqueAthènes
97%
Macédoine-CentraleThessalonique
87%
CrèteHéraklion
84%
Îles IoniennesCorfou
42%
Grèce-OccidentalePatras
42%
ÉpireIoannina
39%
ThessalieLarissa
35%
Égée-SeptentrionaleMytilène
16%
Grèce-CentraleLamía
13%
Macédoine-OccidentaleKozani
10%
PéloponnèseTripoli
10%
Macédoine-Orientale-et-ThraceKomotiní
6%
Égée-MéridionaleErmoúpoli
3%
République monastique du Mont-AthosKaryès
3%

Distribution des résultats

Percentile par nombre de réponses

% des personnes avec chaque résultat

Votre développement - résultats

Vous n’avez pas pris ce quiz